Normal view MARC view

Entry Topical Term

Number of records used in: 1

001 - CONTROL NUMBER

  • control field: 30358

003 - CONTROL NUMBER IDENTIFIER

  • control field: OSt

005 - DATE AND TIME OF LATEST TRANSACTION

  • control field: 20220310115048.0

008 - FIXED-LENGTH DATA ELEMENTS

  • fixed length control field: 220310|| aca||aabn | a|a d

040 ## - CATALOGING SOURCE

  • Original cataloging agency: OSt
  • Transcribing agency: OSt

150 ## - HEADING--TOPICAL TERM

  • Topical term or geographic name entry element: Continuing resolutions, Federal contracting, Wasteful spending, Sole source contracts, Congressional appropriations

670 ## - SOURCE DATA FOUND

  • Source citation: Work cat.: (OSt): Kasdin, Stuart Roy 30357, Continuing costs: The impact of continuing resolutions on federal contracting

Powered by Koha